O nekonečne malých veličinách

Na minha lista:
Detalhes bibliográficos
Formato: Livro
Idioma:eslovaco
Publicado em: Bratislava Alfa 1987
Colecção:Epsilon
Tags: Adicionar Tag
Sem tags, seja o primeiro a adicionar uma tag!

MARC

LEADER 00000nam a2200000 4500
001 c031557
005 20260327071253.4
041 0 |a slo 
044 |a SK 
245 1 0 |a O nekonečne malých veličinách  |c Tibor Neubrunn, Beloslav Riečan, Zdena Riečanová 
264 1 |a Bratislava  |b Alfa  |c 1987 
300 |a 193 s. 
490 1 |a Epsilon 
830 0 |a Epsilon